Normal view
MARC view
- Kadri, Syed Shameem Hussain.
Entry Personal Name
001 - CONTROL NUMBER
- control field: 5562
003 - CONTROL NUMBER IDENTIFIER
- control field: NUST
005 - DATE AND TIME OF LATEST TRANSACTION
- control field: 20171020111849.0
008 - FIXED-LENGTH DATA ELEMENTS
- fixed length control field: 171020|| aca||aabn | a|a d
040 ## - CATALOGING SOURCE
- Original cataloging agency: NUST
- Transcribing agency: NUST
100 ## - HEADING--PERSONAL NAME
- Personal name: Kadri, Syed Shameem Hussain.
670 ## - SOURCE DATA FOUND
- Source citation: Work cat.: (NUST)0: Kadri, Syed Shameem Hussain., Creation of Pakistan /, 1982.
